000 00656nam a2200241Ia 4500
003 OSt
005 20230616155707.0
008 210423s2013 xx 000 0 und d
020 _a978-81-8487-115-9
040 _cAL
041 _aeng
082 _a547.2 AHLO
_223
100 _aAHLUWALIA (V K);PARASHAR (Rakesh Kumar).
_9112745
245 _aOrganic reaction mechanisms Ed 4
250 _a4
260 _aNew Delhi
_bNarosa Publishing House
_c2013
300 _axxiii,749
_bPB
365 _b475
_cINR
650 _aChemistry
_9112746
650 _aOrganic Chemistry
_9112747
906 _aEd ; mechanisms ; Organic ; reaction
942 _2ddc
_cBK
999 _c165447
_d165447